| 000 | 00821nam a22002657a 4500 | ||
|---|---|---|---|
| 942 | _cBK | ||
| 999 |
_c745 _d745 |
||
| 005 | 20250420134823.0 | ||
| 008 | 211114b ||||| |||| 00| 0 eng d | ||
| 020 | _a9789811590610 | ||
| 040 | _cKCST | ||
| 082 |
_a539.7092 _bAd |
||
| 100 |
_aPuri, Rajeev K. _95509 |
||
| 245 |
_aAdvances in Nuclear Physics : _bStructure and Reactions / _cRajeev K Puri; Joerg Aichelin; Sakshi Gautam; Rohit Kumar |
||
| 250 | _avol. 257 | ||
| 260 |
_aSingapore : _bSpringer, _c2021. |
||
| 300 | _ap. | ||
| 440 |
_aSpringer proceedings in physics _v v. 257. _95510 |
||
| 650 |
_aNuclear physics _vCongresses. _95511 |
||
| 650 |
_aHeavy ions _vCongresses. _95512 |
||
| 650 |
_aHeavy ions. _95513 |
||
| 700 |
_aAichelin, Joerg _95514 |
||
| 700 |
_aGautam, Sakshi _95515 |
||
| 700 |
_aKumar, Rohit _95516 |
||
| 942 | _2ddc | ||